|
|
|
|
| LEADER |
00000nam0a2200000 4500 |
| 001 |
277003 |
| 005 |
20231101234956.0 |
| 035 |
|
|
|a (RuTPU)RU\TPU\book\300276
|
| 090 |
|
|
|a 277003
|
| 100 |
|
|
|a 20141127d1986 m y0rusy50 ca
|
| 101 |
0 |
|
|a rus
|
| 102 |
|
|
|a RU
|
| 105 |
|
|
|a a j 001zy
|
| 200 |
1 |
|
|a Генетическая минералогия
|e учебное пособие
|f Е. А. Станкеев
|
| 210 |
|
|
|a Москва
|c Недра
|d 1986
|
| 215 |
|
|
|a 272 с.
|c ил.
|
| 225 |
1 |
|
|a Высшее образование
|
| 320 |
|
|
|a Библиогр.: с. 266-267
|
| 320 |
|
|
|a Указатель: с. 268-269
|
| 606 |
1 |
|
|a Минералогия генетическая
|2 stltpush
|3 (RuTPU)RU\TPU\subj\43909
|9 63335
|
| 610 |
1 |
|
|a понятия
|
| 610 |
1 |
|
|a минералы
|
| 610 |
1 |
|
|a магматические образования
|
| 610 |
1 |
|
|a генезис
|
| 610 |
1 |
|
|a пегматиты
|
| 610 |
1 |
|
|a карбонатиты
|
| 610 |
1 |
|
|a скарны
|
| 610 |
1 |
|
|a гидротермальные образования
|
| 610 |
1 |
|
|a коры выветривания
|
| 610 |
1 |
|
|a сульфидные жилы
|
| 610 |
1 |
|
|a осадочные образования
|
| 675 |
|
|
|a 549.01(075.8)
|v 4
|
| 700 |
|
1 |
|a Станкеев
|b Е. А.
|g Евгений Александрович
|
| 801 |
|
1 |
|a RU
|b 63413507
|c 20141127
|
| 801 |
|
2 |
|a RU
|b 63413507
|c 20220727
|g RCR
|
| 942 |
|
|
|c BK
|